Historia de los heterodoxos españoles / (Record no. 170850)

MARC details
000 -LEADER
campo de control de longitud fija 01161nam a2200241 i 4500
001 - NÚMERO DE CONTROL
campo de control 170850
003 - IDENTIFICADOR DE NÚMERO DE CONTROL
campo de control ES-MaACL
005 - FECHA Y HORA DE LA ÚLTIMA TRANSACCIÓN
campo de control 20250825070156.0
008 - DATOS DE LONGITUD FIJA--INFORMACIÓN GENERAL
campo de control de longitud fija 090413s1956 sp |||| | spa d
100 1# - ENTRADA PRINCIPAL--NOMBRE DE PERSONA
Nombre de persona Menéndez y Pelayo, Marcelino,
Fechas asociadas al nombre 1856-1912
9 (RLIN) 80332
245 10 - MENCIÓN DEL TÍTULO
Título Historia de los heterodoxos españoles /
Mención de responsabilidad, etc. Marcelino Menéndez Pelayo.
260 ## - PUBLICACIÓN, DISTRIBUCIÓN, ETC.
Lugar de publicación, distribución, etc. Madrid :
Nombre del editor, distribuidor, etc. La Editorial Católica,
Fecha de publicación, distribución, etc. 1956.
300 ## - DESCRIPCIÓN FÍSICA
Extensión 2 v. ;
Dimensiones 20 cm.
490 1# - MENCIÓN DE SERIE
Mención de serie Biblioteca de autores cristianos ;
Designación de volumen o secuencia 150-151
505 0# - NOTA DE CONTENIDO CON FORMATO
Nota de contenido con formato 1. España romana y visigoda ; Período de la Reconquista ; Erasmistas y protestantes - 2. Protestantismo y sectas místicas ; Regalismo y Enciclopedia ; Heterodoxia en el siglo XIX / con un estudio final sobre Menéndez Pelayo y su "Historia de los heterodoxos" por Rafael García y García de Castro
650 #4 - PUNTO DE ACCESO ADICIONAL DE MATERIA--TÉRMINO DE MATERIA
Término de materia o nombre geográfico como elemento de entrada Herejías-
Subdivisión geográfica España-
Subdivisión de forma Historia.
9 (RLIN) 153684
650 #4 - PUNTO DE ACCESO ADICIONAL DE MATERIA--TÉRMINO DE MATERIA
Término de materia o nombre geográfico como elemento de entrada Protestantes-
Subdivisión geográfica España.
9 (RLIN) 169548
651 #4 - PUNTO DE ACCESO ADICIONAL DE MATERIA--NOMBRE GEOGRÁFICO
Nombre geográfico España-
Subdivisión general Religión-
Subdivisión de forma Historia.
9 (RLIN) 153685
700 1# - ENTRADA AGREGADA--NOMBRE PERSONAL
Nombre de persona García y García de Castro, Rafael,
Fechas asociadas al nombre 1895-1974
9 (RLIN) 55437
830 10 - PUNTO DE ACCESO ADICIONAL DE SERIE-TÍTULO UNIFORME
Título uniforme Biblioteca de autores cristianos
Designación de volumen o secuencia 150-151
9 (RLIN) 178679
852 ## - LOCALIZACIÓN
Ubicación ES-MaACL
Número de control de estantería J-148-49
Holdings
Estatus retirado Estado de pérdida Estado de daño No para préstamo Biblioteca de origen Biblioteca actual Ubicación en estantería Fecha de adquisición Fuente de adquisición Total de préstamos Signatura topográfica completa Código de barras Visto por última vez Precio de reemplazo Tipo de ítem Koha
        Biblioteca del Ateneo de Madrid Biblioteca del Ateneo de Madrid Depósito 2 13/04/2009     J-148-49 1179306 23/02/2023 23/02/2023 Libro impreso